[Event "Bhubaneswar op-A 14th"]
[Site "Bhubaneswar"]
[Date "2023.06.17"]
[Round "9"]
[White "Snehil, Raj Singh"]
[Black "Yash, Abhijit Patil"]
[Result "0-1"]
[WhiteElo "1603"]
[BlackElo "1705"]
[PlyCount "90"]
[EventDate "2023.06.11"]
[EventType "swiss"]
[EventRounds "10"]
[EventCountry "IND"]
[SourceTitle "CBM 214 Extra"]
[Source "ChessBase"]
[SourceDate "2023.07.31"]
[SourceVersion "1"]
[SourceVersionDate "2023.07.31"]
[SourceQuality "1"]

1. e4 e6 2. d4 d5 3. Nd2 Nf6 4. e5 Nfd7 5. f4 c5 6. c3 Nc6 7. Ndf3 Qb6 8. g3 Be7 9. Kf2 cxd4 10. cxd4 0-0 11. Kg2 f6 12. Bd3 g6 13. Ne2 fxe5 14. fxe5 Rxf3 15. Kxf3 Nxd4+ 16. Kg2 Nc6 17. Rb1 Ndxe5 18. Bf4 Ng4 19. Rf1 e5 20. h3 Ne3+ 21. Bxe3 Qxe3 22. Nc3 Be6 23. Re1 Qh6 24. h4 g5 25. Qd2 Kg7 26. h5 g4 27. Qxh6+ Kxh6 28. Rbd1 Rd8 29. Bb5 Bf6 30. Ba4 Kxh5 31. Bb3 Ne7 32. Bc2 Rd7 33. Ba4 Rc7 34. Bb3 Rc5 35. Re2 Kg6 36. Red2 Nf5 37. Kh2 Nd4 38. Kh1 h5 39. Ne2 Nxb3 40. axb3 d4 41. Nc1 Bg5 42. Nd3 Rb5 43. Re2 Be3 44. Kh2 Bxb3 45. Rde1 Bc4 0-1